Försvarsmaktens gradbeteckningar - Statistics

General Stats
  • This quiz has been taken 5 times
  • The average score is 48 of 66
Answer Stats
Försvarsgren Tjänsteställningsordning Tjänstegrad % Correct
Flottan OF 9 (Flaggmän) Amiral
100%
Armén OF 1 (Officerare) Fänrik
100%
Flottan OF 1 (Officerare) Fänrik
100%
Flygvapnet OF 1 (Officerare) Fänrik
100%
Armén OF 9 (Generalpersoner) General
100%
Flygvapnet OF 9 (Generalpersoner) General
100%
Armén OF 2 (Officerare) Kapten
100%
Flottan OF 2 (Officerare) Kapten
100%
Flygvapnet OF 2 (Officerare) Kapten
100%
Armén OR 4 (Gruppbefäl) Korpral
100%
Flottan OR 4 (Gruppbefäl) Korpral
100%
Flygvapnet OR 4 (Gruppbefäl) Korpral
100%
Armén OF 1 (Officerare) Löjtnant
100%
Flottan OF 1 (Officerare) Löjtnant
100%
Flygvapnet OF 1 (Officerare) Löjtnant
100%
Armén OF 3 (Officerare) Major
100%
Flygvapnet OF 3 (Officerare) Major
100%
Armén SO 6 (Specialistofficerare) Sergeant
100%
Flottan SO 6 (Specialistofficerare) Sergeant
100%
Flygvapnet SO 6 (Specialistofficerare) Sergeant
100%
Armén OF 6 (Generalpersoner) Brigadgeneral
67%
Flygvapnet OF 6 (Generalpersoner) Brigadgeneral
67%
Armén SO 7 (Specialistofficerare) Fanjunkare
67%
Flottan SO 7 (Specialistofficerare) Fanjunkare
67%
Flygvapnet SO 7 (Specialistofficerare) Fanjunkare
67%
Flottan SO 9 (Specialistofficerare) Flottiljförvaltare
67%
Flygvapnet SO 9 (Specialistofficerare) Flottiljförvaltare
67%
Armén SO 8 (Specialistofficerare) Förvaltare
67%
Flottan SO 8 (Specialistofficerare) Förvaltare
67%
Flygvapnet SO 8 (Specialistofficerare) Förvaltare
67%
Armén OR 5 (Gruppbefäl) Furir
67%
Flottan OR 5 (Gruppbefäl) Furir
67%
Flygvapnet OR 5 (Gruppbefäl) Furir
67%
Armén OF 8 (Generalpersoner) Generallöjtnant
67%
Flygvapnet OF 8 (Generalpersoner) Generallöjtnant
67%
Armén OF 7 (Generalpersoner) Generalmajor
67%
Flygvapnet OF 7 (Generalpersoner) Generalmajor
67%
Armén OR 5 (Officersaspirant) Kadett
67%
Flottan OR 5 (Officersaspirant) Kadett
67%
Flygvapnet OR 5 (Officersaspirant) Kadett
67%
Flottan OF 7 (Flaggmän) Konteramiral
67%
Armén OR 1-2 (Soldater) Menig
67%
Flottan OR 1-2 (Sjömän) Menig
67%
Flygvapnet OR 1-2 (Soldater) Menig
67%
Flottan OF 3 (Officerare) Örlogskapten
67%
Armén SO 7 (Specialistofficerare) Överfanjunkare
67%
Flottan SO 7 (Specialistofficerare) Överfanjunkare
67%
Flygvapnet SO 7 (Specialistofficerare) Överfanjunkare
67%
Armén OR 5 (Gruppbefäl) Överfurir
67%
Flottan OR 5 (Gruppbefäl) Överfurir
67%
Flygvapnet OR 5 (Gruppbefäl) Överfurir
67%
Armén SO 6 (Specialistofficerare) Översergeant
67%
Flottan SO 6 (Specialistofficerare) Översergeant
67%
Flygvapnet SO 6 (Specialistofficerare) Översergeant
67%
Armén OF 5 (Officerare) Överste
67%
Flygvapnet OF 5 (Officerare) Överste
67%
Armén OF 4 (Officerare) Överstelöjtnant
67%
Flygvapnet OF 4 (Officerare) Överstelöjtnant
67%
Armén SO 9 (Specialistofficerare) Regementsförvaltare
67%
Flottan OF 6 (Flaggmän) Flottiljamiral
33%
Flottan OF 8 (Flaggmän) Viceamiral
33%
Armén OR 3 (Soldater) Vicekorpral
33%
Flottan OR 3 (Sjömän) Vicekorpral
33%
Flygvapnet OR 3 (Soldat) Vicekorpral
33%
Flottan OF 5 (Officerare) Kommendör
0%
Flottan OF 4 (Officerare) Kommendörkapten
0%
No matching quizzes found
Score Distribution
Percent of People with Each Score
Percentile by Number Answered
Your Score History
You have not taken this quiz